01093nam a22002057a 4500003000800000008004100008040003000049080001100079100003400090245019400124260009500318300002300413502016800436650006600604655001200670700003800682942001300720999001700733952013700750BI-BuBU260511b2025 bd fr|||| 00| 0 fre d aBI-BuBUcBI-BuBUdBI-BuBU a330.141 4Aut.aDusabamahoro, Florence 10aEffet de l'aide publique au developpement sur le capital humain en Afrique SubsahariennebLe rôle de la qualité des institutionsc Florence Dusabamahoro Arcade Ndoricimpa , directeur, aBujumburabUniversité du Burundi, Faculté des Sciences Economiques et de Gestionc2025 aXII-133 f.c30 cm. aMémoire présenté et défendu Publiquement en vue de l'obtention du diplôme de master en Analyse Economique et développement Option : Analyse Economique 72BI-BuBUaCapital humainxAide publiquezAfrique Subsaharienne 72BI-BuBU1 4dir.a Ndoricimpa Arcade9112153 2udccMEM c53864d53864 00102udc4071985710aBCbBCd2026-05-11edon de l'auteurl0oR.330.14 DUS.p5010000672607r2026-05-11t1w2026-05-11yMEMi242196